[Event "Polanica Zdroj op-B 47th"]
[Site "Polanica Zdroj"]
[Date "2011.??.??"]
[Round "5"]
[White "Czech, Mieczyslaw"]
[Black "Budrewicz, Henryk"]
[Result "1-0"]
[WhiteElo "1967"]
[BlackElo "1607"]
[PlyCount "84"]
[EventDate "2011.08.18"]
[EventType "swiss"]
[EventRounds "9"]
[EventCountry "POL"]
[SourceTitle "CBM 144 Extra"]
[Source "ChessBase"]
[SourceDate "2011.10.28"]
[SourceVersion "1"]
[SourceVersionDate "2011.10.28"]
[SourceQuality "1"]

1. e4 c5 2. Nf3 Nc6 3. d4 cxd4 4. Nxd4 e5 5. Nb5 d6 6. N1c3 a6 7. Na3 b5 8. Nd5 Be7 9. c3 Nf6 10. Nxe7 Nxe7 11. Bd3 Bb7 12. Qe2 0-0 13. 0-0 Re8 14. Bg5 Ng6 15. Rae1 h6 16. Bc1 d5 17. f3 Nf4 18. Bxf4 exf4 19. Qc2 Re5 20. exd5 Qe7 21. Rxe5 Qxe5 22. Qe2 Qxe2 23. Bxe2 Bxd5 24. c4 bxc4 25. Bxc4 Bxc4 26. Nxc4 Rc8 27. b3 Nd5 28. Rd1 Ne3 29. Rd4 g5 30. Kf2 Nc2 31. Rd6 Re8 32. Rxa6 Nb4 33. Rd6 Nxa2 34. Rxh6 Nc1 35. Rd6 Nxb3 36. Nd2 Nxd2 37. Rxd2 Kg7 38. h4 Kg6 39. hxg5 Kxg5 40. Rd5+ Kf6 41. Kf1 Kg6 42. Rd2 Kf6 1-0

[Event "POL-ch disabled"]
[Site "Rowy"]
[Date "2009.09.06"]
[Round "8.7"]
[White "Czech, Mieczyslaw"]
[Black "Strzelecki, Jerzy"]
[Result "0-1"]
[WhiteElo "1952"]
[BlackElo "2199"]
[PlyCount "91"]
[EventDate "2009.09.01"]
[EventType "swiss"]
[EventRounds "9"]
[EventCountry "POL"]
[SourceTitle "EXT 2023"]
[Source "ChessBase"]
[SourceDate "2022.10.05"]
[SourceVersion "1"]
[SourceVersionDate "2022.10.05"]
[SourceQuality "1"]

1. d4 Nf6 2. c4 e6 3. Nf3 c5 4. e3 b6 5. Nc3 Bb7 6. Be2 Be7 7. 0-0 0-0 8. a3 Re8 9. Qc2 d6 10. Rd1 Qc7 11. Rb1 a6 12. b4 Nbd7 13. Bb2 Bf8 14. e4 cxd4 15. Rxd4 Rac8 16. Rd2 Qb8 17. Bd3 h6 18. Qd1 Rc7 19. Rc1 Rec8 20. Qe2 Ng4 21. Nd1 Nde5 22. Nxe5 Nxe5 23. Bxe5 dxe5 24. Ne3 a5 25. Rb1 axb4 26. axb4 Bc6 27. f3 Ra7 28. Ra2 Rxa2 29. Qxa2 Qd6 30. Be2 Ra8 31. Qb2 Ra4 32. Nc2 h5 33. Rd1 Qc7 34. Kf1 h4 35. h3 Be7 36. Bd3 Ra8 37. Be2 Bg5 38. Qc3 Bb7 39. Na3 Ba6 40. Nc2 Kh7 41. Kf2 Bf4 42. Qd3 Kg6 43. Qd6 Qa7 44. b5 Bb7 45. Qe7 Bg5 46. Qb4 0-1

[Event "POL-ch disabled"]
[Site "Rowy"]
[Date "2009.09.04"]
[Round "5.11"]
[White "Czech, Mieczyslaw"]
[Black "Tuszynski, Edmund"]
[Result "1/2-1/2"]
[WhiteElo "1952"]
[BlackElo "1995"]
[PlyCount "59"]
[EventDate "2009.09.01"]
[EventType "swiss"]
[EventRounds "9"]
[EventCountry "POL"]
[SourceTitle "EXT 2023"]
[Source "ChessBase"]
[SourceDate "2022.10.05"]
[SourceVersion "1"]
[SourceVersionDate "2022.10.05"]
[SourceQuality "1"]

1. e4 e5 2. Nf3 Nc6 3. Bb5 d6 4. h3 Nf6 5. d3 Be7 6. 0-0 0-0 7. c3 h6 8. Re1 Nh7 9. Nbd2 f5 10. exf5 Bxf5 11. Ne4 Bd7 12. Be3 Qe8 13. Qe2 Qg6 14. Kh2 a6 15. Ba4 Rae8 16. Rad1 Nf6 17. Ng3 e4 18. Nh4 Ng4+ 19. Qxg4 Qxg4 20. hxg4 Bxh4 21. Nxe4 Bxg4 22. Rd2 b5 23. Bb3+ Kh7 24. Ng3 Ne5 25. d4 Ng6 26. Bc2 Bxg3+ 27. Kxg3 Bf5 28. Bd1 Bd7 29. Rh1 Ne7 30. Bc2+ 1/2-1/2

[Event "Kowalewo Pomorskie op-B 16th"]
[Site "Kowalewo Pomorskie"]
[Date "2009.07.11"]
[Round "9"]
[White "Czech, Mieczyslaw"]
[Black "Stachowicz, Feliks"]
[Result "1-0"]
[WhiteElo "1978"]
[BlackElo "1680"]
[PlyCount "99"]
[EventDate "2009.07.04"]
[EventType "swiss"]
[EventRounds "9"]
[EventCountry "POL"]
[SourceTitle "EXT 2011"]
[Source "ChessBase"]
[SourceDate "2010.11.26"]
[SourceVersion "1"]
[SourceVersionDate "2010.11.26"]
[SourceQuality "1"]

1. e4 c6 2. d4 d5 3. Nc3 dxe4 4. Nxe4 Bf5 5. Ng3 Bg6 6. Bc4 e6 7. N1e2 Bd6 8. c3 Qb6 9. 0-0 Nd7 10. Bb3 Rc8 11. Bf4 Qc7 12. Qd2 Ngf6 13. Rfe1 0-0 14. Rad1 Nd5 15. Bxd6 Qxd6 16. c4 N5f6 17. Nf4 Rfd8 18. h4 Nc5 19. h5 Nxb3 20. axb3 Bf5 21. b4 Bg4 22. f3 Bf5 23. b3 g5 24. Nxf5 exf5 25. Ne2 h6 26. Qd3 f4 27. c5 Qc7 28. Kf2 Kg7 29. Nc3 Nxh5 30. d5 Qd7 31. d6 Re8 32. Qd4+ Kg6 33. Qd3+ Kg7 34. Ne4 Re6 35. Qd4+ Kg6 36. Qd3 Kg7 37. Rh1 Ng3 38. Qc3+ Kg6 39. Nxg3 fxg3+ 40. Kxg3 Rce8 41. Rhe1 h5 42. Kf2 g4 43. f4 h4 44. Qd3+ Kh6 45. Rxe6+ Qxe6 46. f5 Qe5 47. d7 Qf4+ 48. Kg1 Rd8 49. Rf1 Qxb4 50. Qd6+ 1-0

[Event "Kowalewo Pomorskie op-B 16th"]
[Site "Kowalewo Pomorskie"]
[Date "2009.07.07"]
[Round "4"]
[White "Czech, Mieczyslaw"]
[Black "Chmura, Krystian"]
[Result "1-0"]
[WhiteElo "1978"]
[BlackElo "1604"]
[PlyCount "39"]
[EventDate "2009.07.04"]
[EventType "swiss"]
[EventRounds "9"]
[EventCountry "POL"]
[SourceTitle "EXT 2011"]
[Source "ChessBase"]
[SourceDate "2010.11.26"]
[SourceVersion "1"]
[SourceVersionDate "2010.11.26"]
[SourceQuality "1"]

1. d4 e6 2. c4 d5 3. Nf3 c6 4. e3 f5 5. Ne5 Nf6 6. Nc3 Be7 7. Bd3 0-0 8. 0-0 Qe8 9. Bd2 Ne4 10. Be1 Nd7 11. f3 Nxc3 12. Bxc3 Rf6 13. e4 f4 14. Ng4 Rf8 15. Qe2 h5 16. Nf2 g5 17. exd5 exd5 18. Rfe1 Kf7 19. Qe6+ Kg7 20. Qxe7+ 1-0

[Event "Kowalewo Pomorskie op-B 16th"]
[Site "Kowalewo Pomorskie"]
[Date "2009.07.05"]
[Round "2"]
[White "Czech, Mieczyslaw"]
[Black "Rabeda, Grzegorz"]
[Result "1-0"]
[WhiteElo "1978"]
[BlackElo "1604"]
[PlyCount "57"]
[EventDate "2009.07.04"]
[EventType "swiss"]
[EventRounds "9"]
[EventCountry "POL"]
[SourceTitle "EXT 2011"]
[Source "ChessBase"]
[SourceDate "2010.11.26"]
[SourceVersion "1"]
[SourceVersionDate "2010.11.26"]
[SourceQuality "1"]

1. d4 d5 2. c4 c6 3. Nc3 Nf6 4. Nf3 e6 5. e3 Bb4 6. Bd3 dxc4 7. Bxc4 b5 8. Bd3 Nd5 9. Qc2 g6 10. e4 Nxc3 11. bxc3 Be7 12. Bh6 Nd7 13. a4 Qa5 14. 0-0 b4 15. cxb4 Qh5 16. Bg7 Rg8 17. Qxc6 Rb8 18. Be5 Bb7 19. Qc7 Bd8 20. Qc3 Rc8 21. Qb2 f6 22. Bd6 f5 23. Rfe1 f4 24. Qb3 Kf7 25. Bxf4 g5 26. Bg3 Rg6 27. d5 g4 28. dxe6+ Rxe6 29. Nd4 1-0

[Event "Polanica Zdroj op-B 44th"]
[Site "Polanica Zdroj"]
[Date "2008.08.22"]
[Round "4"]
[White "Gorol, Magdalena"]
[Black "Czech, Mieczyslaw"]
[Result "0-1"]
[WhiteElo "1786"]
[BlackElo "1918"]
[PlyCount "50"]
[EventDate "2008.08.19"]
[EventType "swiss"]
[EventRounds "10"]
[EventCountry "POL"]
[SourceTitle "CBM 126 Extra"]
[Source "ChessBase"]
[SourceDate "2008.11.05"]
[SourceVersion "1"]
[SourceVersionDate "2008.11.05"]
[SourceQuality "1"]

1. e4 e6 2. Qe2 c5 3. Nc3 Nc6 4. Nf3 d6 5. d3 Be7 6. g3 Nf6 7. Bg2 0-0 8. 0-0 Re8 9. h3 a6 10. Be3 Qc7 11. Nh2 Nd4 12. Qd2 e5 13. Ne2 Bd7 14. c3 Nxe2+ 15. Qxe2 Bc6 16. Rac1 Rad8 17. f4 d5 18. fxe5 Qxe5 19. Bf4 Qe6 20. e5 d4 21. Bxc6 bxc6 22. Qf3 Nd5 23. c4 Nxf4 24. gxf4 f6 25. Rce1 fxe5 0-1

[Event "Pszczyna op 3rd"]
[Site "Pszczyna"]
[Date "2007.07.21"]
[Round "8"]
[White "Kaminski, Ludwik"]
[Black "Czech, Mieczyslaw"]
[Result "1/2-1/2"]
[WhiteElo "1853"]
[BlackElo "1971"]
[PlyCount "21"]
[EventDate "2007.07.17"]
[EventType "swiss"]
[EventRounds "9"]
[EventCountry "POL"]
[SourceTitle "EXT 2011"]
[Source "ChessBase"]
[SourceDate "2010.11.26"]
[SourceVersion "1"]
[SourceVersionDate "2010.11.26"]
[SourceQuality "1"]

1. c4 Nf6 2. Nc3 c5 3. g3 g6 4. Bg2 Bg7 5. Nf3 0-0 6. 0-0 e6 7. d3 d5 8. cxd5 exd5 9. d4 Ne4 10. e3 Bg4 11. Ne2 1/2-1/2

[Event "Pszczyna op 3rd"]
[Site "Pszczyna"]
[Date "2007.07.19"]
[Round "5"]
[White "Czech, Mieczyslaw"]
[Black "Krzyzanowski, Marcin"]
[Result "1/2-1/2"]
[WhiteElo "1971"]
[BlackElo "2206"]
[PlyCount "72"]
[EventDate "2007.07.17"]
[EventType "swiss"]
[EventRounds "9"]
[EventCountry "POL"]
[SourceTitle "EXT 2011"]
[Source "ChessBase"]
[SourceDate "2010.11.26"]
[SourceVersion "1"]
[SourceVersionDate "2010.11.26"]
[SourceQuality "1"]

1. d4 Nf6 2. Nf3 d6 3. c4 Nbd7 4. Nc3 e5 5. g3 g6 6. Bg2 Bg7 7. 0-0 0-0 8. e4 exd4 9. Nxd4 Re8 10. Bf4 a6 11. Re1 Rb8 12. Qd2 Ne5 13. b3 c5 14. Nc2 b5 15. Ne3 Nh5 16. Bxe5 Bxe5 17. Rac1 Qa5 18. Re2 Bb7 19. Ncd5 Qxd2 20. Rxd2 b4 21. Bf3 Bxd5 22. Nxd5 Ng7 23. Bg4 f5 24. exf5 gxf5 25. Bh3 Kf7 26. Rd3 Kg6 27. Rf3 Rb7 28. Re1 Rf8 29. Nf4+ Bxf4 30. Rxf4 Rf6 31. Bg2 Ra7 32. Bd5 a5 33. Rf3 Rf8 34. Kg2 Rd8 35. Rfe3 Kf6 36. h3 Rad7 1/2-1/2

[Event "Pszczyna op 3rd"]
[Site "Pszczyna"]
[Date "2007.07.17"]
[Round "2"]
[White "Czech, Mieczyslaw"]
[Black "Wirowski, Piotr"]
[Result "1-0"]
[WhiteElo "1971"]
[BlackElo "1696"]
[PlyCount "49"]
[EventDate "2007.07.17"]
[EventType "swiss"]
[EventRounds "9"]
[EventCountry "POL"]
[SourceTitle "EXT 2011"]
[Source "ChessBase"]
[SourceDate "2010.11.26"]
[SourceVersion "1"]
[SourceVersionDate "2010.11.26"]
[SourceQuality "1"]

1. d4 Nf6 2. c4 e5 3. dxe5 Ng4 4. Nf3 Bc5 5. e3 Nc6 6. Nc3 Ncxe5 7. Be2 0-0 8. 0-0 d6 9. Nd5 Nxf3+ 10. Bxf3 Ne5 11. b4 Bb6 12. Be2 Be6 13. Bb2 c6 14. Nxb6 axb6 15. c5 Nc4 16. Bxc4 d5 17. Bb3 bxc5 18. bxc5 b6 19. Qd4 Qg5 20. f4 bxc5 21. Qxc5 Qg4 22. Rf3 f6 23. e4 dxe4 24. Re3 Qxf4 25. Bxe6+ 1-0

[Event "Kowalewo Pomorskie op-A"]
[Site "Kowalewo Pomorskie"]
[Date "2007.07.08"]
[Round "6"]
[White "Opalinski, Sebastian"]
[Black "Czech, Mieczyslaw"]
[Result "0-1"]
[WhiteElo "1813"]
[BlackElo "1971"]
[PlyCount "82"]
[EventDate "2007.07.04"]
[EventType "swiss"]
[EventRounds "9"]
[EventCountry "POL"]
[SourceTitle "CBM 119 Extra"]
[Source "ChessBase"]
[SourceDate "2007.09.04"]
[SourceVersion "1"]
[SourceVersionDate "2007.09.04"]
[SourceQuality "1"]

1. e4 d6 2. f4 e5 3. Nf3 Nf6 4. Nc3 Bg4 5. Be2 Nc6 6. 0-0 Be7 7. d3 0-0 8. h3 Bxf3 9. Rxf3 d5 10. exd5 Nxd5 11. fxe5 Nxe5 12. Rf5 Nxc3 13. bxc3 Ng6 14. Rb1 Rb8 15. d4 c5 16. d5 Bd6 17. Bd3 Qh4 18. Qg4 Qe1+ 19. Rf1 Qe5 20. c4 Qh2+ 21. Kf2 f5 22. Qg5 Be7 23. Qh5 Bh4+ 24. Ke2 Qxg2+ 25. Kd1 Qxh3 26. Bg5 b6 27. Bxh4 Qxh4 28. Rxf5 Rxf5 29. Qxf5 Qh1+ 30. Qf1 Qh6 31. Bxg6 Qxg6 32. Rb3 Re8 33. Rf3 Qg5 34. Qd3 Qe5 35. Rf1 h6 36. d6 Rd8 37. Re1 Qd4 38. Qxd4 cxd4 39. Re6 Kf7 40. Re7+ Kf8 41. Rxa7 Rxd6 0-1

[Event "WchT ICSC Silent 14th"]
[Site "Vilnius"]
[Date "2002.07.27"]
[Round "6.4"]
[White "Czech, Mieczyslaw"]
[Black "Grudina, Marco"]
[Result "1-0"]
[WhiteElo "2023"]
[BlackElo "1570"]
[PlyCount "63"]
[EventDate "2002.07.21"]
[EventType "team-tourn"]
[EventRounds "9"]
[EventCountry "LTU"]
[SourceTitle "EXT 2015"]
[Source "ChessBase"]
[SourceDate "2014.11.20"]
[SourceVersion "1"]
[SourceVersionDate "2014.11.20"]
[SourceQuality "1"]

1. d4 d5 2. c4 c6 3. Nc3 Nf6 4. e3 e6 5. Bd3 dxc4 6. Bxc4 b5 7. Bd3 a6 8. Nf3 Nbd7 9. 0-0 Be7 10. Qe2 0-0 11. e4 Re8 12. e5 Nd5 13. Ne4 h6 14. Bd2 Bb7 15. Rac1 Nf8 16. Rfd1 f5 17. exf6 Nxf6 18. Bf4 Nd5 19. Be5 Nf6 20. Nfd2 N8d7 21. Nb3 Nxe5 22. dxe5 Nd7 23. Nbc5 Bxc5 24. Nxc5 Bc8 25. Qe4 Qc7 26. Qh7+ Kf8 27. Qh8+ Kf7 28. Bg6+ Kxg6 29. Qxe8+ Kh7 30. Nxd7 Bb7 31. Qxe6 Bc8 32. Qxc6 1-0